The surveyor, engineer, and architect : for the year ... , or, [London monthly journal of the physical and practical sciences] (Record no. 114726)

MARC details
000 -LEADER
fixed length control field 00717cam a22001935a 4500
001 - CONTROL NUMBER
control field L157332
008 - FIXED-LENGTH DATA ELEMENTS--GENERAL INFORMATION
fixed length control field 121022d18401843xxk f 000 0 eng d
035 ## - SYSTEM CONTROL NUMBER
System control number (Sirsi) u157332
041 0# - LANGUAGE CODE
Language code of text/sound track or separate title eng
100 1# - MAIN ENTRY--PERSONAL NAME
Personal name Mudie, Robert
245 04 - TITLE STATEMENT
Title The surveyor, engineer, and architect : for the year ... , or, [London monthly journal of the physical and practical sciences]
Statement of responsibility, etc. conducted by Robert Mudie
260 ## - PUBLICATION, DISTRIBUTION, ETC.
Place of publication, distribution, etc. London
Name of publisher, distributor, etc. Grattan & Gilbert
Date of publication, distribution, etc. 1840-1843
300 ## - PHYSICAL DESCRIPTION
Extent 4 v.
Other physical details ill.
Dimensions 28 cm.
520 ## - SUMMARY, ETC.
Summary, etc. Continued by: Architect, engineer, and surveyor.
583 ## - ACTION NOTE
Action Condition reviewed
Time/date of action 20120620
Status condition level 4 (x3) and 3 (x 2)
651 #4 - SUBJECT ADDED ENTRY--GEOGRAPHIC NAME
Geographic name Great Britain
Chronological subdivision 1707-
690 ## - LOCAL SUBJECT ADDED ENTRY--TOPICAL TERM (OCLC, RLIN)
Topical term or geographic name as entry element Construction management
9 (RLIN) 6230
942 ## - ADDED ENTRY ELEMENTS (KOHA)
Suppress in OPAC 0
Holdings
Withdrawn status Lost status Source of classification or shelving scheme Damaged status Not for loan Home library Current library Shelving location Date acquired Total Checkouts Full call number Barcode Date last seen Copy number Price effective from Koha item type
    Dewey Decimal Classification     Historic collection Historic collection Historic collection 22/10/2012   QUARTO 1843 MUDIE VOL. 2 30075895 06/08/2019 1 06/08/2019 Book
    Dewey Decimal Classification     Historic collection Historic collection Historic collection 22/10/2012   QUARTO 1843 MUDIE VOL. 2 30075887 06/08/2019 2 06/08/2019 Book
    Dewey Decimal Classification     Historic collection Historic collection Historic collection 21/02/2013   QUARTO 1843 MUDIE VOL. 1 30078199 06/08/2019 1 06/08/2019 Book
    Dewey Decimal Classification     Historic collection Historic collection Historic collection 21/02/2013   QUARTO 1843 MUDIE VOL. 1 30078158 06/08/2019 2 06/08/2019 Book
    Dewey Decimal Classification     Historic collection Historic collection Historic collection 21/02/2013   QUARTO 1843 MUDIE VOL. 3 30078162 06/08/2019 1 06/08/2019 Book
    Dewey Decimal Classification     Historic collection Historic collection Historic collection 21/02/2013   QUARTO 1843 MUDIE VOL. 4 30078145 06/08/2019 1 06/08/2019 Book